00689 2200193 4500001002100000008004100021035002000062245019300082100002300275260004500298300003300343020002200376084001400398082000800412650003900420990001200459990001200471990001200483INLIS000000000015951 ind  a0010-0323000399 aPerpres No.16 Tahun 2018 dan SPSE 4.3 : Panduan Dokumentasi Perencanaan, Pemilihan Penyedia, dan Kontrak Pengadaan PemerintahcAgus Arif Rakhman;Penyunting; Pitono, Meilia Witri Budi Utami aAGUS, Arif Rakhman aJakarta :bGramedia Pustaka Utama,c2019 axiv, 250 hal.: ilus.c23 cm. a978-602-06-2366-5 a340 AGU p a340 aPERUNDANG-UNDANGAN-BARANG DAN JASA a10800 a a10800 b a10800 c